000 00783nam a2200217 a 4500
005 20090803103216.0
008 080419s2008 ii 001 0 eng
010 _aENG-94621
020 _a9788190476249
_c500.00
035 _aEN-78154
037 _bDBAD / PUB
040 _adpl
_bEnglish
082 _a371.9
100 _aTripathi, Bhupendra
245 _aSpecial education /
_cby Bhupendra Tripathi
260 _aDelhi
_bBharati Book Organisation
_c2007
270 _aC-1/179, Nand Nagari,
_bDelhi
_e110093
300 _av, 200p.
_c22cm(Hb)
942 _2ddc
_cEN
_mTRI
_h371.9
999 _c28854
_d28854